000 00811nam a2200241 a 4500
008
020 _a1850321353 (pbk.)
049 _aMAIN
090 _aQA76.58
100 1 _aChalmers, Alan
245 1 0 _aPractical parallel processing :
_ban introduction to problem solving in parallel /
_cAlan Chalmers and Jonathan Tidmus.
260 _aLondon :
_bInternational Thomson Computer Press,
_c1996.
300 _axiv, 327 p. :
_bill. ;
_c24 cm.
504 _aIncludes bibliographical references : p. 313-323.
500 _aIncludes index.
650 0 _aParallel processing (Electronic computers).
700 1 _aTidmus, Jonathan
907 _a.b10039004
_b11-09-03
_c17-04-03
003
005 20230123133420.0
040 _cNUST
942 _cBOOKS
_kQA76.58
999 _c148197
_d148197